1458 1929 1835 1388 1754 1046 1993 1963 1707 1578 1877 1171 1534 1317 1930 1360 1065 1658 1823 1316 1483 1372 1983 1133 1889 1562 1360 1684 1499 1917 1230 1817 1565 1195 1521 1964 1873 1480 1670 1545 1324 1324 1839 1578 1008 1766 1772 1535 1056 1725 1241 1581 1023 1970 1674 1251 1620 1683 1583 1797 1756 1831 1144 1866 1095 1778 1279 1450 1418 1996 1934 1090 1823 1013 1033 1999 1372 1318 1195 1717 1776 1627 1853 1358 1497 1363 1602 1986 1226 1831 1808 1050 1658 1696 1553 1143 1908 1383 1848 BCNSPRNW ULIB Ver.6.0+V

เปลี่ยนเป็นภาษาไทย

Change to English
 แสดงรายละเอียดบรรณานุกรม
  กลับหน้าหลัก

Brief Record : Get Marc (ISO 2709) : E-mail record : QR code < ปิดหน้าต่าง
LEADER : 00000nam 2200000uu 4500
001    13399114985
003     ULIB
008    120627s2009||||th 000 0 tha d
020    ^a0131461230 (pbk.)
020    ^a0321170288
060 04 ^aQS17^bM386m 2009
100 1  ^aMartini, Frederic
245 10 ^aMartini is atlas of the human body /^cby Frederic H.
246 30 ^aAtlas of the human body
260    ^aSan Franncisco :^bBenjamin Cummings,^c2009
300    ^aiv, 123 p. :^bcol. ill. ;^c28 cm. +^e1 computer optical
500    ^aTo accompany: Fundamentals of anatomy and physiology, 6th
500    ^aSend to Single Search
650  2 ^aAnatomy^vatlases
650  2 ^aPhysiology^vatlases
700 1  ^aOber, William C.
730 0  ^aFundamentals of anatomy and physiology
730 0  ^a3-D anatomy CD-ROM version 1.0
945    ^p0^l0^i17650
995    ^aKanchaphon
999 ^a ใช้งานได้ทุกระบบ
รายการนี้ยังไม่มีแท็ก
คุณยังไม่ได้ล็อกอิน คุณสามารถมีกิจกรรมร่วมกับเว็บไซต์ได้ แต่ต้องล็อกอินก่อน ::
  ล็อกอิน

รายการสื่อสารสนเทศ

ลำดับที่ ประเภท เลขเรียก/บาร์โค้ด สถานที่ สถานะ
- ไม่พบข้อมูล -

รายการใกล้เคียง
    ผู้แต่ง [Martini, Frederic]

    หัวเรื่อง [Anatomy atlases]

BibComment


ยังไม่เคยถูกคอมเมนท์

คอมเมนท์ทรัพยากรรายการนี้
  คอมเมนท์: Martini is atlas..


 Copyright 2026. Bcnsprnw @Library